[Event "SUI-ch U12"]
[Site "St Ursanne"]
[Date "2011.07.03"]
[Round "7"]
[White "Stahl, Gian Andri"]
[Black "Joeri, Samuel"]
[Result "1/2-1/2"]
[WhiteElo "1573"]
[BlackElo "1571"]
[PlyCount "56"]
[EventDate "2011.06.30"]
[EventType "swiss"]
[EventRounds "7"]
[EventCountry "SUI"]
[SourceTitle "EXT 2012"]
[Source "ChessBase"]
[SourceDate "2011.11.24"]
[SourceVersion "1"]
[SourceVersionDate "2011.11.24"]
[SourceQuality "1"]

1. e4 e5 2. Nf3 Nc6 3. Bb5 d6 4. d4 Bd7 5. d5 Nce7 6. Bxd7+ Qxd7 7. Ng5 h6 8. Nh3 Nf6 9. f3 Ng6 10. Be3 Be7 11. Nc3 Nh4 12. Qd2 Nxf3+ 13. gxf3 Qxh3 14. Qe2 Qd7 15. 0-0-0 a6 16. Rhg1 g6 17. Qd2 h5 18. Ne2 Qh3 19. Rg3 Qd7 20. Nc3 Nh7 21. Rf1 Bh4 22. Rgg1 0-0-0 23. Bf2 Bxf2 24. Qxf2 Kb8 25. Nd1 Qa4 26. Nc3 Qd7 27. Nd1 Qa4 28. Nc3 Qd7 1/2-1/2

[Event "SUI-ch U12"]
[Site "St Ursanne"]
[Date "2011.07.01"]
[Round "3"]
[White "Joeri, Samuel"]
[Black "Poun, Piknoreak"]
[Result "0-1"]
[WhiteElo "1571"]
[BlackElo "1654"]
[PlyCount "104"]
[EventDate "2011.06.30"]
[EventType "swiss"]
[EventRounds "7"]
[EventCountry "SUI"]
[SourceTitle "EXT 2012"]
[Source "ChessBase"]
[SourceDate "2011.11.24"]
[SourceVersion "1"]
[SourceVersionDate "2011.11.24"]
[SourceQuality "1"]

1. e4 e6 2. Nf3 d5 3. exd5 exd5 4. d4 Nf6 5. Nc3 c6 6. Be2 Be7 7. 0-0 0-0 8. Bf4 h6 9. h3 Ne4 10. Qd3 Bf5 11. Qe3 Bd6 12. Bxd6 Qxd6 13. Nxe4 Bxe4 14. Bd3 Re8 15. Bxe4 Rxe4 16. Qd3 Nd7 17. Rfe1 Rae8 18. Rxe4 dxe4 19. Qe3 Nf6 20. Nd2 Nd5 21. Qe1 e3 22. Nc4 exf2+ 23. Qxf2 Qe7 24. Rc1 Qb4 25. b3 b5 26. Ne5 Qe7 27. Nxc6 Qc7 28. Ne5 Nc3 29. a3 f6 30. Nd3 Ne2+ 31. Kh1 Nxc1 32. Nxc1 Rc8 33. Nd3 Qxc2 34. Qxc2 Rxc2 35. Nc5 Ra2 36. a4 bxa4 37. bxa4 Kf7 38. Kh2 Rd2 39. Nb3 Rd3 40. Nc1 Rxd4 41. a5 Ra4 42. Kg3 Rxa5 43. Kf3 Ke6 44. Ke4 Rd5 45. Nd3 Rxd3 46. Kxd3 Kf5 47. g3 a5 48. Kc3 Ke4 49. Kb3 Kf3 50. g4 Kg3 51. Ka4 Kxh3 52. Kxa5 Kxg4 0-1

[Event "SUI-ch U10"]
[Site "Belp"]
[Date "2010.07.01"]
[Round "1"]
[White "Joeri, Samuel"]
[Black "Poun, Piknoreak"]
[Result "1-0"]
[WhiteElo "1491"]
[BlackElo "1586"]
[PlyCount "75"]
[EventDate "2010.07.01"]
[EventType "tourn"]
[EventRounds "7"]
[EventCountry "SUI"]
[SourceTitle "EXT 2012"]
[Source "ChessBase"]
[SourceDate "2011.11.24"]
[SourceVersion "1"]
[SourceVersionDate "2011.11.24"]
[SourceQuality "1"]

1. e4 e6 2. Nf3 d5 3. exd5 exd5 4. d4 Nf6 5. Nc3 c6 6. Bg5 Be7 7. Qe2 0-0 8. 0-0-0 Re8 9. h3 b5 10. Re1 Ba6 11. Bxf6 b4 12. Bxe7 Bxe2 13. Bxd8 Rxd8 14. Nxe2 a5 15. c3 Nd7 16. Ne5 Nxe5 17. dxe5 c5 18. Rd1 Rac8 19. Nf4 d4 20. c4 Re8 21. Nd3 a4 22. b3 axb3 23. axb3 Rc6 24. f4 Ra8 25. Be2 Ra2 26. Bf3 Rca6 27. g4 R6a3 28. Nxc5 Rf2 29. Be4 Ra5 30. Rxd4 g6 31. Na4 Rxf4 32. Rd5 Ra7 33. Bc2 Rf3 34. c5 Re7 35. c6 Re3 36. Nb6 Rc3 37. Rd7 Re6 38. c7 1-0